Enhancement of X-Ray Image Quality

Saved in:
Bibliographic Details
Main Author: Andrejčík, Dávid (Author)
Other Authors: Czanner, Silvester (Thesis advisor)
Format: Manuscript Book
Language:Slovak
English
Published: 2026
Subjects:
Online Access:http://is.stuba.sk/zp/portal_zp.pl?podrobnosti=182803
Tags: Add Tag
No Tags, Be the first to tag this record!

MARC

LEADER 00000ntm a22000003a 4500
001 stuzp108428
003 SK-STU
005 20260207210334.1
007 ta
008 150427s2015----xo-----f-mn---000-0-slo-d
040 |a STU  |b slo 
041 0 |a eng 
100 1 |a Andrejčík, Dávid  |u 070200  |4 aut  |U FIIT Fakulta informatiky a informačných technológií  |T FIIT Ústav informatiky, informačných systémov a softvérového inžinierstva  |X 127105  |U I200  |Y 179  |7 127105 
242 0 1 |a Zlepšenie kvality RTG snímok  |y slo 
245 1 0 |a Enhancement of X-Ray Image Quality 
260 |c 2026 
650 4 |a spracovanie medicínskych snímkov  |2 slo 
650 4 |a pooperačné RTG snímky  |2 slo 
650 4 |a ortopedické implantáty  |2 slo 
650 4 |a zlepšenie viditeľnosti obrázkov  |2 slo 
650 4 |a medical image processing  |2 eng 
650 4 |a image enhancement  |2 eng 
650 4 |a postoperative radiographs  |2 eng 
650 4 |a orthopaedic implants  |2 eng 
700 1 |a Czanner, Silvester  |u 070200  |k Z1  |4 ths  |U FIIT Fakulta informatiky a informačných technológií  |T FIIT Ústav informatiky, informačných systémov a softvérového inžinierstva  |X 114747  |U I200  |Y 179  |7 114747 
856 4 |u http://is.stuba.sk/zp/portal_zp.pl?podrobnosti=182803